000 00354nam a2200133Ia 4500
008 220204s9999 xx 000 0 und d
082 _a595.132
_bMEI
100 _aCarter, C C
245 0 _aAdvanced treatise on Meloidogyne. 2 V.
260 _aUSA
_bDept of Plant pathology
_c1985
650 _aRoot knot nematode
700 _aSasser, J N
942 _cBK
999 _c40577
_d40577